000 00726nam a2200229Ia 4500
003 OSt
005 20220923212358.0
006 a|||||r|||| 00| 0
007 ta
008 220922b |||||||| |||| 00| 0 hin d
024 _a152,504
037 _cTextual
040 _aARTS
_cARTS
_bhin
041 _2hin
_ahin
082 _aN52:J, 152G3
100 _aमेहता, नानालाल चमनतलाल
_9159938
245 0 _aभारतीय चित्रकला सन ्16 -19
246 _aBhāratīya chitrakalā san 1600-1900
260 _c1933
942 _hN52:J, 152G3
_cTEXL
_2CC
999 _c308153
_d308153